00234nam a2200085 a 450000500170000000800410001705000250005824500430008325000220012620140414132004.0110222s19uu xx 00 eng d aTR 372.634bH23 1991 aHandwriting, a way to self expression. aTeacher's edition